01004cam a2200253 a 450000100060000000300080000600500170001400800410003102000150007203500140008704000320010104100080013308200270014124500620016826000700023030000320030065000280033270000240036070000290038494200120041399900170042595201460044295201620058814936BD-RjUL20211208235723.0140208s1996 iixa b 001 0 eng d a8171410847 a(BD-RjUL) aDLCcDLCdDLCdBD-RjULbeng aeng00a658.848219bEXP 199600aExport management /cedited by M.K.Singh, Anant Mahadevan aNew Delhi :bDiscovery publishing house,c1996.[reprinted 2010]. axiv, 268p. :bill. ;c21cm. 0aExport marketing.91794 aSingh, M.K.9184512 aMahadevan, Anant9184513 2ddccBK c14936d14936 00102ddc40718NFICaRUCLbRUCLcReadingd2013-06-23eParagon Ent.g670.00l0o658.848 EXP 1996r2014-02-08 00:00:00tC-2w2021-12-08yBK 00102ddc40718NFICaRUCLbRUCLcReadingd2005-10-06eDhaka, Paragon Enterpries Ltd.g400.00l0o658.848 EXP 1990r2017-01-22 00:00:00tC-1w2017-01-22yBK